MARC

LEADER 00000nam0a2200000 4500
001 50566
005 20231031033241.0
010 |a 5947234947 
035 |a (RuTPU)RU\TPU\book\52946 
090 |a 50566 
100 |a 20030417d2003 m y0rusy50 ca 
101 0 |a rus 
102 |a RU 
105 |a a j 001zy 
200 1 |a Экологический менеджмент  |e учебное пособие  |f Н. В. Пахомова, А. Эндрес, К. Рихтер 
210 |a СПб.  |c Питер  |d 2003 
215 |a 544 с.  |c ил. 
225 1 |a Учебное пособие 
225 1 |a Учебник для вузов 
320 |a Библиогр.: с. 510-521. 
320 |a Предм. указ.: с. 525-536 
610 1 |a экономика 
610 1 |a экология 
610 1 |a экологический мененджмент 
610 1 |a окружающая среда 
610 1 |a экологические экстерналии 
610 1 |a экологическая ответственность 
610 1 |a природоохранная деятельность 
610 1 |a принятие решений 
610 1 |a загрязнение 
610 1 |a экологическая политика 
610 1 |a маркетинг 
610 1 |a аудит 
610 1 |a экологические риски 
610 1 |a информационные системы 
610 1 |a бухгалтерский учет 
610 1 |a учебные пособия 
686 |a У9(2)28я73  |v LBC/SL-A  |2 rubbk 
700 1 |a Пахомова  |b Н. В.  |g Надежда Викторовна 
701 1 |a Эндрес  |b А.  |g Альфред 
701 1 |a Рихтер  |b К.  |g Кнут 
801 1 |a RU  |b 63413507  |c 20030417  |g PSBO 
801 2 |a RU  |b 63413507  |c 20031001  |g PSBO 
801 2 |a RU  |b 63413507  |c 20230626  |g PSBO 
900 |a Экологический менеджмент 
900 |a Экономика природных ресурсов 
900 |a Экономика природопользования 
942 |c BK 
951 |a 511100  |b 060800